| 000 | 00957cam a2200217 4500 | ||
|---|---|---|---|
| 001 | ##L131750 | ||
| 008 | 051206n2005 000 0 eng u | ||
| 020 | _a1860817483 | ||
| 035 | _a(Sirsi) u131750 | ||
| 041 | 0 | _aeng | |
| 050 | 0 | 4 | _a691.1 $2 18 |
| 100 | 1 | _aHolland, Chris | |
| 245 | 0 | 0 | _aTimber grading and scanning |
| 260 |
_aWatford _bBRE _c2005 |
||
| 300 |
_a12p _bill _c30cm |
||
| 490 | 0 |
_aBRE Digest _v492 |
|
| 520 | _aReports on advances in grading and scanning technology for logs and sawn timber, and changes to structural timber grading due to European harmonisation. Discusses log sorting and processing, internal imaging of logs, strength grading of timber, methods of machine grading, current and potential new technologies, machine control and output, optical board scanners, tracheid effect, and timber distortion. | ||
| 690 | _aBUILT ENVIRONMENT-BUILDING MATERIALS-TIMBER-TIMBER AND WOOD | ||
| 700 | 1 | _aReynolds, Tim | |
| 942 | _n0 | ||
| 999 |
_c104823 _d104823 |
||